00479nam a2200121Ia 4500008004100000245021800041260001700259260000900276300000800285650002300293650001200316856002900328170516s9999 xx 000 0 und d aSequential Systemic Administrations of Combretastatin A4 Phosphate and Radioiodinated Hypericin Exert Synergistic Targeted Theranostic Effects with Prolonged Survival on SCID Mice Carrying Bifocal Tumor Xenografts bTheranostics c2013 a3:2 xMedical Technology xMedtech uhttp://www.thno.org/v3i2